2015 Rugby World Cup Stadiums - Statistics

General Stats
  • This quiz has been taken 92 times
  • The average score is 7 of 13
Answer Stats
Capacity Answer % Correct
82,200 Twickenham
98%
90,000 Wembley
86%
74,500 Millennium Stadium
60%
52,387 St. James' Park
58%
56,000 Manchester City Stadium
53%
16,500 Kingsholm Stadium
48%
54,000 Olympic Stadium
46%
12,500 Sandy Park
44%
42,788 Villa Park
42%
37,900 Elland Road
41%
30,750 Brighton Community Stadium
36%
32,262 Leicester City Stadium
31%
30,500 Stadium:MK
25%
No matching quizzes found
Score Distribution
Percent of People with Each Score
Percentile by Number Answered
Your Score History
You have not taken this quiz